Historias de Calderón de la Barca (Record no. 38461)

MARC details
000 -LEADER
campo de control de longitud fija 00963nam a2200241 i 4500
001 - NÚMERO DE CONTROL
campo de control 38461
003 - IDENTIFICADOR DE NÚMERO DE CONTROL
campo de control ES-MaACL
005 - FECHA Y HORA DE LA ÚLTIMA TRANSACCIÓN
campo de control 20250513063019.0
007 - CAMPO FIJO DE DESCRIPCIÓN FÍSICA--INFORMACIÓN GENERAL
campo de control de longitud fija t|
008 - DATOS DE LONGITUD FIJA--INFORMACIÓN GENERAL
campo de control de longitud fija 030225s1949 sp ||||1| spa d
100 1# - ENTRADA PRINCIPAL--NOMBRE DE PERSONA
Nombre de persona Calderón de la Barca, Pedro,
Fechas asociadas al nombre 1600-1681
Término indicativo de función/relación Autor
9 (RLIN) 239594
245 10 - MENCIÓN DEL TÍTULO
Título Historias de Calderón de la Barca
Resto del título : narradas por Fernando Castán Palomar /
Mención de responsabilidad, etc. Pedro Calderón de la Barca ; con ilustraciones de Zaragüeta.
260 ## - PUBLICACIÓN, DISTRIBUCIÓN, ETC.
Lugar de publicación, distribución, etc. Madrid :
Nombre del editor, distribuidor, etc. Boris Bureba,
Fecha de publicación, distribución, etc. 1949 (
Fabricante Samarán)
300 ## - DESCRIPCIÓN FÍSICA
Extensión 140 p. :
Otras características físicas il. ;
Dimensiones 21 cm.
490 1# - MENCIÓN DE SERIE
Mención de serie Te voy a contar... ;
Designación de volumen o secuencia 4
505 8# - NOTA DE CONTENIDO CON FORMATO
Nota de contenido con formato Contiene: El Príncipe constante ; La vida es sueño ; El Mágico prodigioso ; El astrólogo fingido ; El Alcalde de Zalamea ; La Dama duende
650 14 - PUNTO DE ACCESO ADICIONAL DE MATERIA--TÉRMINO DE MATERIA
Término de materia o nombre geográfico como elemento de entrada
9 (RLIN) 239546
700 1# - ENTRADA AGREGADA--NOMBRE PERSONAL
Nombre de persona Castán Palomar, Fernando,
Fechas asociadas al nombre 1898-1963
9 (RLIN) 36390
830 0# - PUNTO DE ACCESO ADICIONAL DE SERIE-TÍTULO UNIFORME
Título uniforme Te voy a contar... ;
Designación de volumen o secuencia 4
9 (RLIN) 229675
852 ## - LOCALIZACIÓN
Ubicación ES-MaACL
Número de control de estantería B-7828
Sublocalización o colección R.28845
942 ## - ELEMENTOS DE ENTRADA SECUNDARIOS (KOHA)
Fuente del sistema de clasificación o colocación Clasificación decimal universal
Holdings
Estatus retirado Estado de pérdida Estado de daño No para préstamo Biblioteca de origen Biblioteca actual Ubicación en estantería Fecha de adquisición Fuente de adquisición Total de préstamos Signatura topográfica completa Código de barras Visto por última vez Precio de reemplazo Tipo de ítem Koha
        Biblioteca del Ateneo de Madrid Biblioteca del Ateneo de Madrid Sala Pardo Bazán 17/01/2008     B-7828 1040495 23/02/2023 23/02/2023 Libro impreso